| 000 | 02252cam a2200565 i 4500 | ||
|---|---|---|---|
| 001 | 22459561 | ||
| 003 | OSt | ||
| 005 | 20250702152726.0 | ||
| 008 | 220209s2022 ii a b 001 0 eng d | ||
| 010 | _a 2020512292 | ||
| 020 |
_a9788131612293 _q(hardback) |
||
| 020 | _a8131612295 | ||
| 025 | _aI-E-2020512292; 56-92; 69-92; 70-92 | ||
| 035 | _a22459561 | ||
| 035 | _a(OCoLC)1295800461 | ||
| 037 | _bLibrary of Congress -- New Delhi Overseas Office | ||
| 040 |
_aDKAGE _beng _erda _cDKAGE _dDLC |
||
| 042 |
_alccopycat _alcode |
||
| 043 | _aa-ii--- | ||
| 050 | 0 | 0 |
_aHN690.Z9 _bM2676 2022 |
| 082 |
_a305.800954 _bAGA/C |
||
| 245 | 0 | 0 |
_aUnderstanding marginality : _bcultural and literary perspectives / _ceditors, Supriya Agarwal, Neha Arora, Ved Prakash. |
| 264 | 1 |
_aJaipur : _bRawat Publications, _c2022. |
|
| 300 |
_axviii, 242 pages : _billustrations (black and white) ; _c25 cm |
||
| 336 |
_atext _btxt _2rdacontent |
||
| 337 |
_aunmediated _bn _2rdamedia |
||
| 338 |
_avolume _bnc _2rdacarrier |
||
| 504 | _aIncludes bibliographical references and index. | ||
| 650 | 0 |
_aMarginality, Social _zIndia. |
|
| 650 | 0 |
_aWomen _zIndia _xSocial conditions. |
|
| 650 | 0 |
_aDalits _zIndia _xSocial conditions. |
|
| 650 | 0 | _aMarginality, Social, in literature. | |
| 650 | 0 | _aMarginality, Social, in motion pictures. | |
| 650 | 0 | _aArts, Indic. | |
| 650 | 6 |
_aFemmes _zInde _xConditions sociales. |
|
| 650 | 6 | _aMarginalité au cinéma. | |
| 650 | 6 | _aArts de l'Inde. | |
| 650 | 7 |
_aArts, Indic. _2fast _0(OCoLC)fst00818068 |
|
| 650 | 7 |
_aDalits _xSocial conditions. _2fast _0(OCoLC)fst00887201 |
|
| 650 | 7 |
_aMarginality, Social. _2fast _0(OCoLC)fst01009156 |
|
| 650 | 7 |
_aMarginality, Social, in literature. _2fast _0(OCoLC)fst01009175 |
|
| 650 | 7 |
_aMarginality, Social, in motion pictures. _2fast _0(OCoLC)fst01009176 |
|
| 650 | 7 |
_aWomen _xSocial conditions. _2fast _0(OCoLC)fst01176947 |
|
| 651 | 7 |
_aIndia. _2fast _0(OCoLC)fst01210276 |
|
| 700 | 1 |
_aAgarwal, Supriya, _eeditor. |
|
| 700 | 1 |
_aArora, Neha, _eeditor. |
|
| 906 |
_a7 _bcbc _ccopycat _d3 _encip _f20 _gy-gencatlg |
||
| 942 |
_2ddc _cBK _h305.800954 _iAGA/C _k305.800954 _mAGA/C |
||
| 999 |
_c44590 _d44590 |
||